Vybrané ukazovatele ekonomického vývoja Slovenskej republiky v rokoch 1991-2004

Salvato in:
Dettagli Bibliografici
Natura: Libro
Lingua:slovacco
Pubblicazione: Bratislava Štatistický úrad Slovenskej republiky 2004
Soggetti:
Tags: Aggiungi Tag
Nessun Tag, puoi essere il primo ad aggiungerne!!

MARC

LEADER 00000nam$a2200000$$$4500
001 0033513
005 20260223073211.1
041 0 |a slo 
044 |a SK 
245 1 0 |a Vybrané ukazovatele ekonomického vývoja Slovenskej republiky v rokoch 1991-2004 
264 1 |a Bratislava  |b Štatistický úrad Slovenskej republiky  |c 2004 
300 |a 125 s. 
610 2 0 |a Slovensko 
610 2 0 |a vývoj hospodársky